[Event "AUT-chT2W 2223"]
[Site "Austria"]
[Date "2022.11.13"]
[Round "5.6"]
[White "Schiestl, Josef"]
[Black "Flatz, Helmut"]
[Result "1/2-1/2"]
[WhiteElo "2105"]
[BlackElo "1883"]
[PlyCount "80"]
[EventDate "2022.09.23"]
[EventType "team-tourn"]
[EventRounds "11"]
[EventCountry "AUT"]
[SourceTitle "CBM 213 Extra"]
[Source "ChessBase"]
[SourceDate "2023.05.31"]
[SourceVersion "1"]
[SourceVersionDate "2023.05.31"]
[SourceQuality "1"]
[WhiteTeam "Mayrhofen/Zillertal"]
[BlackTeam "Salzburg ASK"]
[WhiteTeamCountry "AUT"]
[BlackTeamCountry "AUT"]

1. e4 c6 2. d4 d5 3. e5 Bf5 4. Be3 e6 5. Nd2 Nd7 6. c3 Ne7 7. f4 h6 8. Ngf3 Bh7 9. Bf2 Ng6 10. g3 Be7 11. h4 Ngf8 12. h5 Qb6 13. b4 Qc7 14. a3 f5 15. Nb3 g6 16. hxg6 Bxg6 17. Be2 Bf7 18. Nfd2 Ng6 19. a4 b6 20. a5 b5 21. Nc5 Nxc5 22. dxc5 0-0-0 23. Nb3 a6 24. Qd3 Rdg8 25. 0-0-0 h5 26. Qe3 h4 27. gxh4 Bxh4 28. Bxh4 Rxh4 29. Rxh4 Nxh4 30. Rh1 Qe7 31. Nd4 Kd7 32. Qf2 Ng6 33. Kd2 Rh8 34. Rxh8 Nxh8 35. Qg3 Ng6 36. Nf3 Be8 37. Ng5 Qg7 38. Ke3 Qh6 39. Bf3 Ke7 40. Qh3 Qxh3 1/2-1/2

[Event "AUT-chT2W 1920"]
[Site "Austria"]
[Date "2019.11.24"]
[Round "5.5"]
[White "Lins, Philipp"]
[Black "Flatz, Helmut"]
[Result "1/2-1/2"]
[WhiteElo "2130"]
[BlackElo "1877"]
[PlyCount "82"]
[EventDate "2019.10.04"]
[EventType "team-tourn"]
[EventRounds "11"]
[EventCountry "AUT"]
[SourceTitle "CBM 193 Extra"]
[Source "ChessBase"]
[SourceDate "2020.01.31"]
[SourceVersion "1"]
[SourceVersionDate "2020.01.31"]
[SourceQuality "1"]
[WhiteTeam "Hohenems II"]
[BlackTeam "Salzburg ASK"]
[WhiteTeamCountry "AUT"]
[BlackTeamCountry "AUT"]

1. Nf3 g6 2. g3 Bg7 3. Bg2 d5 4. d4 Nf6 5. 0-0 0-0 6. b3 b6 7. Bb2 Bb7 8. c4 c6 9. Nc3 e6 10. Qd3 Nbd7 11. Rfd1 Re8 12. Rac1 a6 13. a4 Rc8 14. e3 Qe7 15. Qb1 Red8 16. Qa1 Ba8 17. Ba3 Qe8 18. cxd5 cxd5 19. b4 Bb7 20. b5 Bf8 21. Bf1 a5 22. Rd2 Bxa3 23. Qxa3 Qf8 24. Qa1 Qd6 25. Rdc2 h6 26. h4 Kh7 27. Ne2 Kg7 28. Nf4 Ne4 29. Nd3 f6 30. Bh3 g5 31. hxg5 hxg5 32. Rxc8 Rxc8 33. Rxc8 Bxc8 34. Qc1 Bb7 35. Nh2 Nf8 36. Bg2 Qd7 37. Nf1 Nd6 38. Nd2 Qc8 39. Qa3 Qc7 40. Bh3 Kf7 41. Qb3 Ne4 1/2-1/2

[Event "AUT-chT2W 1920"]
[Site "Austria"]
[Date "2019.10.05"]
[Round "2.6"]
[White "Flatz, Helmut"]
[Black "Hasanovic, Nurija"]
[Result "1/2-1/2"]
[WhiteElo "1877"]
[BlackElo "2018"]
[PlyCount "149"]
[EventDate "2019.10.04"]
[EventType "team-tourn"]
[EventRounds "11"]
[EventCountry "AUT"]
[SourceTitle "CBM 192 Extra"]
[Source "Chessbase"]
[SourceDate "2019.11.06"]
[SourceVersion "1"]
[SourceVersionDate "2019.11.06"]
[SourceQuality "1"]
[WhiteTeam "Salzburg ASK"]
[BlackTeam "Schwarzach"]
[WhiteTeamCountry "AUT"]
[BlackTeamCountry "AUT"]

1. c4 Nf6 2. Nc3 e5 3. d3 Bc5 4. Nf3 Nc6 5. e3 d5 6. cxd5 Nxd5 7. Be2 Be6 8. 0-0 h6 9. Nxe5 Nxe5 10. d4 Nxc3 11. bxc3 Bd6 12. dxe5 Bxe5 13. Bb2 Qf6 14. Qc2 0-0 15. f4 Bd6 16. c4 Qe7 17. e4 Bc5+ 18. Kh1 f6 19. e5 f5 20. Rf3 Rad8 21. a4 Rd7 22. Rd1 Rfd8 23. Rfd3 Rxd3 24. Rxd3 Rxd3 25. Bxd3 Qd7 26. h3 Be3 27. g3 Qc6+ 28. Kh2 g6 29. Qe2 Qc5 30. Qd1 h5 31. Be2 Qe7 32. Qd3 Bb6 33. Ba3 Qe8 34. c5 Ba5 35. Bd1 Qf7 36. Qd8+ Kg7 37. Bf3 Qd7 38. Qf6+ Kh7 39. c6 bxc6 40. Bf8 c5 41. Bxc5 Bb6 42. Qe7+ Qxe7 43. Bxe7 c5 44. Bd1 c4 45. Bb4 Be3 46. Kg2 Bd5+ 47. Bf3 Be6 48. Kf1 Bd4 49. Ke2 Kg7 50. Bc6 Kf7 51. Bd6 Bc3 52. Bb5 Bd5 53. Bd7 a5 54. Ke3 Bb4 55. Kd4 c3 56. Kxd5 Bxd6 57. Kxd6 c2 58. e6+ Kf6 59. e7 c1Q 60. e8Q Qa3+ 61. Kc6 Qxa4+ 62. Kb6 Qb4+ 63. Bb5 a4 64. Qe5+ Kf7 65. Ka6 a3 66. Qd5+ Kg7 67. Bc4 Qa4+ 68. Kb6 Qb4+ 69. Kc7 Kh6 70. Kd7 h4 71. gxh4 a2 72. Bxa2 Qxf4 73. Qg8 Qxh4 74. Qh8+ Kg5 75. Qd8+ 1/2-1/2

[Event "AUT-chT2W 1819"]
[Site "Austria"]
[Date "2019.03.10"]
[Round "11.6"]
[White "Engelhart, Achim"]
[Black "Flatz, Helmut"]
[Result "1/2-1/2"]
[WhiteElo "2112"]
[BlackElo "1871"]
[PlyCount "116"]
[EventDate "2018.10.12"]
[EventType "team-tourn"]
[EventRounds "11"]
[EventCountry "AUT"]
[SourceTitle "CBM 189 Extra"]
[Source "ChessBase"]
[SourceDate "2019.06.03"]
[SourceVersion "1"]
[SourceVersionDate "2019.06.03"]
[SourceQuality "1"]
[WhiteTeam "Hohenems II"]
[BlackTeam "Salzburg ASK"]
[WhiteTeamCountry "AUT"]
[BlackTeamCountry "AUT"]

1. e4 c6 2. d4 d5 3. Nd2 dxe4 4. Nxe4 Bf5 5. Ng3 Bg6 6. N1e2 Nf6 7. Nf4 e6 8. h4 Bf5 9. Nxf5 exf5 10. Bc4 Bd6 11. Qe2+ Qe7 12. Qxe7+ Kxe7 13. 0-0 Re8 14. Re1+ Kf8 15. Rxe8+ Kxe8 16. Nd3 Nbd7 17. Bf4 Bxf4 18. Nxf4 Kf8 19. Re1 Re8 20. Rxe8+ Kxe8 21. Kf1 Ke7 22. Ke2 Nf8 23. c3 Ng6 24. Nxg6+ fxg6 25. Ke3 Ng4+ 26. Ke2 Nf6 27. Bb3 Kd6 28. Ke3 Ng4+ 29. Kf3 Nf6 30. Kf4 Nh5+ 31. Ke3 Nf6 32. f3 b6 33. Bc4 Nd7 34. Kf4 b5 35. Bb3 Nf6 36. g4 fxg4 37. fxg4 a6 38. g5 Nd7 39. Bg8 h6 40. Ke4 a5 41. c4 bxc4 42. Bxc4 hxg5 43. hxg5 c5 44. dxc5+ Nxc5+ 45. Kf4 Nd7 46. Bd3 Nf8 47. b3 Kd5 48. Bc4+ Kd4 49. Bf7 Kc5 50. Ke5 Nh7 51. Kf4 Nf8 52. a3 Kd6 53. b4 axb4 54. axb4 Kc6 55. Be8+ Kb6 56. Kg4 Ne6 57. Bxg6 Nxg5 58. Kxg5 Kb5 1/2-1/2

[Event "Bezirksliga Oberbayern 1819"]
[Site "Bayern"]
[Date "2019.01.20"]
[Round "5.8"]
[White "Alferova, Ekaterina"]
[Black "Flatz, Helmut"]
[Result "1/2-1/2"]
[WhiteElo "1716"]
[BlackElo "1839"]
[PlyCount "24"]
[EventDate "2018.10.21"]
[EventType "team-tourn"]
[EventRounds "9"]
[EventCountry "GER"]
[SourceTitle "EXT 2022"]
[Source "ChessBase"]
[SourceDate "2021.10.06"]
[SourceVersion "1"]
[SourceVersionDate "2021.10.06"]
[SourceQuality "1"]
[WhiteTeam "Fuerstenfeldbruck TuS"]
[BlackTeam "Freilassing"]
[WhiteTeamCountry "GER"]
[BlackTeamCountry "GER"]

1. d4 Nf6 2. c3 d5 3. Bf4 c6 4. e3 Bf5 5. Bd3 Bxd3 6. Qxd3 Nbd7 7. Nd2 e6 8. Ngf3 Be7 9. h3 h6 10. 0-0 0-0 11. Rfe1 a5 12. Ne5 Nxe5 1/2-1/2

[Event "AUT-chT2W 1617"]
[Site "Austria"]
[Date "2016.10.28"]
[Round "1.6"]
[White "Flatz, Helmut"]
[Black "Pflug, Matthias"]
[Result "0-1"]
[WhiteElo "1892"]
[BlackElo "2252"]
[PlyCount "116"]
[EventDate "2016.10.28"]
[EventType "team-tourn"]
[EventRounds "11"]
[EventCountry "AUT"]
[SourceTitle "EXT 2018"]
[Source "ChessBase"]
[SourceDate "2017.10.13"]
[SourceVersion "1"]
[SourceVersionDate "2017.10.13"]
[SourceQuality "1"]
[WhiteTeam "Salzburg ASK"]
[BlackTeam "SIR Bernhard"]
[WhiteTeamCountry "AUT"]
[BlackTeamCountry "AUT"]

1. c4 f5 2. Nc3 Nf6 3. d4 g6 4. e3 Bg7 5. Nf3 0-0 6. Be2 d6 7. 0-0 Nc6 8. d5 Ne5 9. Qc2 Bd7 10. Rd1 Qe8 11. b3 Ne4 12. Bb2 Nxf2 13. Nxe5 Nxd1 14. Nxd7 Nxc3 15. Nxf8 Nxe2+ 16. Qxe2 Qxf8 17. Rf1 Bxb2 18. Qxb2 Qg7 19. Qc2 Qe5 20. Qf2 c6 21. dxc6 bxc6 22. Qf4 Qxf4 23. Rxf4 e5 24. Rf1 Kf7 25. Rc1 Ke6 26. Kf2 a5 27. h4 Rb8 28. Rc2 a4 29. bxa4 Rb4 30. a5 Ra4 31. g3 Rxa5 32. Ke2 Ra3 33. Kf2 Kd7 34. Rb2 Kc7 35. h5 Rc3 36. hxg6 hxg6 37. a4 Rxc4 38. Ra2 Kb6 39. a5+ Ka6 40. Kf3 g5 41. Rd2 d5 42. Rb2 Rc3 43. Rb8 f4 44. gxf4 gxf4 45. Ra8+ Kb7 46. Re8 Rxe3+ 47. Kf2 d4 48. Re6 e4 49. a6+ Kxa6 50. Rxc6+ Kb5 51. Rc8 Ra3 52. Ke2 Ra2+ 53. Ke1 e3 54. Rf8 d3 55. Kf1 Ra1+ 56. Kg2 d2 57. Rb8+ Kc6 58. Rd8 d1Q 0-1